000 00575nam a2200193Ia 4500
003 IN-BaIIA
008 211028s9999 xx 000 0 eng d
020 _a90-277-0892-4
040 _cIIA Library
080 _a082.2:52
_bIAU-S82
100 _aMcCarthy, Dennis D
_911144
245 0 _aTime and the earth's rotation
_cDennis D McCarthy
260 _aDordrecht
_bD. Reidel Publishing
_c1979
300 _axix, 332p.
650 _aAstronomy and Astrophysics Thesaurus
650 _aEarth
650 _aRotation
_911145
942 _cBK
999 _c6496
_d6496